[Event "Girona-ch"]
[Site "Blanes"]
[Date "2015.??.??"]
[Round "1"]
[White "Canal Morell, Miquel"]
[Black "Aymerich Verdaguer, Eduard"]
[Result "0-1"]
[WhiteElo "1898"]
[BlackElo "2288"]
[PlyCount "50"]
[EventDate "2015.09.27"]
[EventType "swiss"]
[EventRounds "9"]
[EventCountry "ESP"]
[SourceTitle "EXT 2017"]
[Source "ChessBase"]
[SourceDate "2016.10.25"]
[SourceVersion "1"]
[SourceVersionDate "2016.10.25"]
[SourceQuality "1"]

1. c4 Nf6 2. Nf3 g6 3. Nc3 Bg7 4. g3 d6 5. Bg2 e5 6. d3 0-0 7. 0-0 c6 8. Rb1 h6 9. b4 Re8 10. Qc2 d5 11. cxd5 cxd5 12. e3 Bg4 13. Nb5 Qd7 14. a4 Nc6 15. Qb3 e4 16. dxe4 dxe4 17. Nfd4 a6 18. Nxc6 axb5 19. Nd4 bxa4 20. Qc4 Rec8 21. Qb5 Qxb5 22. Nxb5 Be2 23. Nd6 Bxf1 24. Nxc8 Bxg2 25. Nb6 Ra6 0-1